[Event "Cologne Longerich op 7th"]
[Site "Cologne"]
[Date "2010.07.30"]
[Round "1"]
[White "Karwatzki, Hans Juergen"]
[Black "Douteil, Dominik"]
[Result "0-1"]
[WhiteElo "1609"]
[BlackElo "1776"]
[PlyCount "104"]
[EventDate "2010.07.30"]
[EventType "swiss"]
[EventRounds "5"]
[EventCountry "GER"]
[SourceTitle "EXT 2011"]
[Source "ChessBase"]
[SourceDate "2010.11.26"]
[SourceVersion "1"]
[SourceVersionDate "2010.11.26"]
[SourceQuality "1"]

1. e4 d5 2. exd5 Qxd5 3. Nc3 Qa5 4. d4 c6 5. Nf3 Nf6 6. Bd2 Bf5 7. Bd3 Bxd3 8. cxd3 Nbd7 9. Qb3 Qb6 10. Qc4 e6 11. 0-0 Be7 12. Rfe1 Nd5 13. Ne4 0-0 14. Bg5 Bxg5 15. Nexg5 Qb4 16. Qc1 Rad8 17. Qd1 N7f6 18. g3 Nb6 19. Qe2 h6 20. Ne4 Nfd5 21. Nc5 Nd7 22. Rac1 Nxc5 23. dxc5 Nf6 24. Rc4 Qa5 25. b4 Qc7 26. Ne5 a5 27. f4 Nd7 28. d4 Nxe5 29. fxe5 Ra8 30. Rb1 b5 31. Rc2 Rfd8 32. Qd2 Rd5 33. bxa5 Rxa5 34. Rb4 Qd8 35. Rcb2 Qa8 36. Qc2 Ra3 37. Qf2 Qa5 38. R4b3 Ra4 39. Rd2 Rc4 40. Rf3 Rd7 41. Rdd3 Qa4 42. Qf1 Rcxd4 43. Ra3 Qc2 44. Ra8+ Kh7 45. Rf2 Qxc5 46. Qb1+ g6 47. Kg2 Qxe5 48. Rf8 Kg7 49. Rc8 Rd2 50. Qb4 Qd5+ 51. Kh3 Rxf2 52. Qf8+ Kf6 0-1